| 000 | 01516 a2200241 4500 | ||
|---|---|---|---|
| 001 | 44720 | ||
| 005 | 20260407155723.0 | ||
| 008 | 260407a2017 arg spa d | ||
| 003 | AR-UNSa-BCEJYS | ||
| 040 |
_aAR-UNSa-BCEJYS _bspa _cAR-UNSa-BCEJYS |
||
| 080 |
_a338.124 _xRetroceso de la actividad económica. Contracción económica (Pobreza...) |
||
| 245 | 1 | 0 |
_aEnemigo común _puna introducción a la pobreza infantil en la Argentina |
| 020 | _a978-987-574-856-9 | ||
| 264 | 1 |
_aBuenos Aires : _bPrometeo Libros _c2017 |
|
| 300 |
_a103 p. _c23 cm. |
||
| 520 | _aLa pobreza en la niñez es un tema serio que necesariamente debe ocupar un lugar privilegiado en la agenda de la política pública de cualquier país del mundo en el que se haya detectado que existe este mal. Es, auténticamente, lo que expresa de manera tan contundente la frase de Doyle: un enemigo común; y, como tal, debe ser combatido por todos. Así es que en este libro se presentan los elementos de la pobreza infantil cuyo conocimiento consideramos esencial para poder planificar un ataque eficaz. | ||
| 505 | _a1. ¿ Por qué la pobreza en la niñez debe preocuparnos? - 2. El marco conceptual y las teorías que lo apoyan - 3. Buscando el camino - 4. Las partes del todo - 5. Mucho más que la suma de las partes - | ||
| 041 | _aspa | ||
| 942 | _cBK | ||
| 590 | _aniveau_biblio:m niveau_hierar:0 | ||
| 100 | 1 | _aPaz, Jorge Augusto | |
| 856 | 4 | 1 |
_uhttps://biblioeco.unsa.edu.ar/pmb/images/libros/L126988.jpg _yImagen de portada _qimage/jpeg |
| 999 |
_c3816 _d3816 |
||